000 00777nam a2200205 a 4500
005 20171010140546.0
008 140227b1998 it a||||r|||| 00| 0 ita d
040 _aCO-BoIAVH
_cCO-BoIAVH
041 0 _aita
044 _ait
082 0 4 _a551.447
_bL32c
245 0 0 _aL'area carsica delle vigne (Verzino - Crotone) :
_bstudio multidisciplinare (a cura di Gianluca Ferrini)
260 _aGenova (Italia) :
_bIstituto Italiano di Speleologia,
_c1998.
300 _a126 páginas :
_bilustraciones ;
_c30 x 21 cm.
650 2 4 _aEcosistemas kársticos
_zItalia
650 2 4 _aEcosistemas subterráneos
_zItalia
650 2 6 _aEspeleología
_zItalia
710 2 _aGruppo Nazionale Geografia fisica e Geomorfologia sezione carsologia
942 _cLIBRO
_2ddc
999 _c1432
_d1432